00293nam a2200109Ia 4500008004000000082001700040100002100057245003200078260004200110300000800152650002300160210210b1974 xxu||||| |||| 00| 0 eng d a790.132 MELC aMELLANBY (Jean). aCollecting everyday things. aGreate Britain.bCarousel Booksc1974 a143 aCollecting Hobby